Asker-devrim darbe / (Record no. 14494)

MARC details
000 -BAŞLIK
Sabit Uzunlukta Kontrol Alanı 00818nam a22002657a 4500
999 ## - SİSTEM KONTROL NUMARALARI (KOHA)
Koha Biblionumber 14494
Koha Biblioitemnumber 14494
003 - KONTROL NUMARASI IDENTIFIER
Denetim Alanı MIRAKIL
005 - SON İŞLEM TARİHİ VE ZAMANI
Denetim Alanı 20210819115643.0
008 - SABİT-BOY VERİ ELEMANLARI - GENEL BİLGİLER
Sabit Uzunlukta Kontrol Alanı 210819b tu ||||| |||| 00| 0 tur d
020 ## - ULUSLARARASI STANDART KİTAP NUMARASI
Uluslararası Standart Kitap Numarası 9756448113 (tk.)
020 ## - ULUSLARARASI STANDART KİTAP NUMARASI
Uluslararası Standart Kitap Numarası 9756448121 (c. 1)
020 ## - ULUSLARARASI STANDART KİTAP NUMARASI
Uluslararası Standart Kitap Numarası 9756448113 (c. 2)
040 ## - KATALOGLAMA KAYNAK
Orijinal Kataloglama Ajansı TR-AnCHP
Metne Dönüştürmek Ajansı TR-AnCHP
041 ## - DİL KODU
Metin / Ses Parça Veya Ayrı Başlığın Dil Kodu Tur
082 ## - DEWEY ONLU SINIFLANDIRMA NUMARASI
Sınıflandırma Numarası 321.09
Ürün Numarası E66a 2003
100 ## - ANA GİRİŞ - KİŞİSEL İSİM
Kişisel Ad Erol, Ömer Lütfü
245 10 - BAŞLIK TABLOSU
Başlık Asker-devrim darbe /
Sorumluluk Tablosu, Vb Ömer Lütfü Erol.
260 ## - YAYIN, DAĞITIM, VB
Yayın, Dağıtım, Vb Yeri İstanbul:
Yayıncı, Dağıtıcı, Vs Adı Toplumsal Dönüşüm Yayınları,
Yayın, Dağıtım, Vb Tarihi 2003.
300 ## - FİZİKSEL TANIM
Kapsam c.:
Boyutlar 19 sm.
490 0# - SERİSİ TABLOSU
Seri Beyanı Toplumsal Dönüşüm Yayınları;
-- Araştırma-İnceleme;
Hacim / Ardışık Tanımı 221.
-- 71.
504 ## - KAYNAKÇA VB NOT
Kaynakça Vb Notu Kaynakça vardır.
650 #0 - KONU KATMA GİRİŞ - TOPİKAL DÖNEM
9 (RLIN) 5106
Topikal Süreli Veya Coğrafi Ad Giriş Elemanı siyasi tarih
Genel Alt Bölümü Türkiye
650 #0 - KONU KATMA GİRİŞ - TOPİKAL DÖNEM
9 (RLIN) 5221
Topikal Süreli Veya Coğrafi Ad Giriş Elemanı Ordu ve siyaset
Genel Alt Bölümü Türkiye
650 #0 - KONU KATMA GİRİŞ - TOPİKAL DÖNEM
9 (RLIN) 333
Topikal Süreli Veya Coğrafi Ad Giriş Elemanı Darbeler
Genel Alt Bölümü Türkiye
942 ## - EKLENDİ GİRİŞ ELEMANLARI (KOHA)
Sınıflandırma Veya Raf Düzeni Kaynak Dewey Decimal Classification
Koha Öğesi Türü Books
Holdings
Kalıcı Konum Mevcut Konum Edinme Tarihi Toplam Check-Out'Lar Tam Çağrı Numarası Barkod Tarih Son Görülme Kopya Sayısı İtibaren Geçerli Fiyatlar Sigara Kamu Notu Koha Öğesi Türü
CHP Kütüphanesi CHP Kütüphanesi 08/19/2021   321.09 E66a 2003 019987 08/19/2021 c.1 08/19/2021 Emin Değer Bağışıdır. Books
CHP Kütüphanesi CHP Kütüphanesi 08/19/2021   321.09 E66a 2003 019988 08/19/2021 c.2 08/19/2021 Emin Değer Bağışıdır. Books